| 000 | 01082nab a2200205 i 4500 | ||
|---|---|---|---|
| 001 | 768714001 | ||
| 003 | CO-MdFUSB | ||
| 005 | 20240506110555.0 | ||
| 008 | 240502t1965 sp ||||| |||| 00| 0 spa d | ||
| 040 |
_bspa _cCO-MdFUSB _dCO-MdFUSB |
||
| 041 | _aspa | ||
| 100 |
_aBenoît, Pierre, _eautor |
||
| 245 |
_aInspiración y revelación _c/ Pierre Benoît |
||
| 520 | _aEsta nota habla de la fe de la Iglesia y declaraciones del Magisterio. Según el autor, la iglesia siempre ha sostenido que tiene una Sagrada Escritura que anima a la escucha de la palabra de Dios, de su fe y de sus acciones. La Iglesia es el pueblo santo que vivió, pronunció la Palabra y produjo la Escritura. Establecida por Cristo para conservar y proponer todos los hombres hasta el fin del mundo. | ||
| 650 | 7 |
_aIglesia _9655 |
|
| 653 | _aRevelación bíblica | ||
| 773 | 0 |
_049450 _982568 _oR2500 _tRevista internacional de teología Concilium _w(CO-MdFUSB)8 _x0210-1041 _gNúmero 10, (diciembre, 1965), páginas: 13 - 32 _qpágina: 13 |
|
| 942 | _cANA | ||
| 945 | _aCatherine Arias Álvarez practicante SENA | ||
| 999 |
_c69470 _d69470 |
||